LIBRARY & INFORMATION CENTRE, KCAET, TAVANUR

ONLINE PUBLIC ACCESS CATALOGUE (OPAC)

Principles of district administration in India / (Record no. 7772)

MARC details
000 -LEADER
fixed length control field 00549cam a2200217ua 4500
041 ## - LANGUAGE CODE
Language code of text/sound track or separate title eng
082 ## - DEWEY DECIMAL CLASSIFICATION NUMBER
Classification number 352.14
Item number SAS/PR
100 ## - MAIN ENTRY--AUTHOR NAME
Personal name Sastri, K N V .
245 ## - TITLE STATEMENT
Title Principles of district administration in India /
250 ## - EDITION STATEMENT
Edition statement 1 /
260 ## - PUBLICATION, DISTRIBUTION, ETC. (IMPRINT)
Place of publication Delhi :
Name of publisher Metropolitan book co. Pvt Ltd ,
Year of publication 1957.
300 ## - PHYSICAL DESCRIPTION
Number of Pages 102 ; .
500 ## - GENERAL NOTE
General note 3011 Reference
942 ## - ADDED ENTRY ELEMENTS (KOHA)
Koha item type Books
Holdings
Withdrawn status Lost status Damaged status Home library Current library Date acquired Full call number Accession Number Koha item type
Withdrawn     KAUAET Malayalam University 07/04/2012 352.14 3011 Reference
Withdrawn     KAUAET Malayalam University 07/04/2012 352.14 3009 Books
Withdrawn     KAUAET Sanskrit University 07/04/2012 352.14 3010 Books
free website counter